000 00993 a2200325 4500
999 _c26581
_d39941
001 26581
003 TR-AnTOB
005 20240215151508.0
008 160811s1999 vaua b 000 0
010 _a99029325
020 _a1563472813 (alk. paper)
040 _aDLC
_cDLC
_dBAKER
_dNLGGC
_dTRTET
_beng
_erda
041 _aeng
050 _aTL671.2
_b.R29 1999
090 _aRES TL671.2 R29 1999
100 _aRaymer, Daniel P.
_925012
245 0 _aAircraft design :
_ba conceptual approach /
_cDaniel P. Raymer.
250 _a[3rd ed.].
264 1 _aReston, VA :
_bAmerican Institute of Aeronautics and Astronautics,
_c1999.
300 _axviii, 923 p. :
_bill. ;
_c24 cm.
336 _2rdacontent
_atext
_btxt
337 _2rdamedia
_aunmediated
_bn
338 _2rdacarrier
_avolume
_bnc
490 0 _aAIAA education series
650 _aUçaklar
_xTasarım ve yapım
_924242
650 _aAirplanes
_xDesign and construction
_9976
902 _a0015403,0015403
942 _cBK
_2lcc